Classifica Serie A 2020-2021 - Statistics

Statistiche generali
  • Questo quiz è stato fatto 120 volte
  • Il punteggio medio è 18 su 20
Statistiche sulle risposte
Squadra Punti Vinte Pareggiate Perse Gol fatti Gol subiti % Corretto
Inter 91 28 7 3 89 35
99%
Juventus 78 23 9 6 77 38
99%
Lazio 68 27 5 12 61 55
99%
Milan 79 24 7 7 74 41
99%
Napoli 77 24 5 9 86 41
99%
Roma 62 18 8 12 68 58
99%
Atalanta 78 23 9 6 90 47
98%
Fiorentina 40 9 13 16 47 59
95%
Torino 37 7 16 15 50 69
92%
Genoa 42 10 12 16 47 58
89%
Hellas Verona 45 11 12 15 46 18
89%
Sampdoria 52 15 7 16 52 54
89%
Udinese 40 10 10 18 42 58
89%
Cagliari 37 9 10 19 43 59
87%
Bologna 41 10 11 17 51 65
86%
Sassuolo 62 17 11 10 64 56
82%
Parma 20 3 11 24 39 83
78%
Benevento 33 7 12 19 40 75
73%
Crotone 23 6 5 27 45 92
72%
Spezia 39 9 12 17 52 72
69%
Nessun quiz corrispondente trovato
Distribuzione punteggi
Percentuale di utenti per punteggio
Percentile per numero di risposta
I tuoi punteggi nel tempo
Non hai fatto questo quiz